Hornos de arco para fusión de acero
שמור ב:
| מחבר ראשי: | |
|---|---|
| פורמט: | ספר |
| שפה: | ספרדית |
| יצא לאור: |
Bogotá
McGraw Hill
1999
|
| סדרה: | Hornos
|
| נושאים: | |
| תגים: |
הוספת תג
אין תגיות, היה/י הראשונ/ה לתייג את הרשומה!
|
MARC
| LEADER | 00000nam a2200000 a 4500 | ||
|---|---|---|---|
| 001 | UCM5287 | ||
| 003 | CL-VaPUC | ||
| 008 | 021003e19990000CK |||||||||||||||||spa|d | ||
| 082 | 0 | 4 | |a 621.4025 |b AST |2 21 |
| 100 | 0 | |a Astigarraga Urquiza, Julio |e author |9 471525 | |
| 245 | 1 | 0 | |a Hornos de arco para fusión de acero |
| 300 | |a 192 p | ||
| 942 | |c BK | ||
| 945 | |d 20021003 00:00:00 |a vberengu | ||
| 260 | |a Bogotá |b McGraw Hill |c 1999 | ||
| 650 | 7 | |a HORNOS |2 CL-VaPUC |9 358511 | |
| 650 | 7 | |a HORNOS DE ARCO |2 CL-VaPUC |9 390807 | |
| 583 | |a last modification |c 20021003 00:00:00 |k Rodrigo Vera | ||
| 490 | 0 | |a Hornos | |
| 999 | |c 301423 |d 301421 | ||
| 952 | |0 0 |1 0 |4 0 |6 621_402500000000000_AST_1999 |7 0 |8 A |9 360358 |a BIBING |b BIBING |d 2019-11-21 |i 3842320 |o 621.4025 AST 1999 |p 3842320 |r 2025-01-20 |w 2019-11-21 |y BK |k EIQ | ||